000 00303pam a2200121a 44500
008 230405s1900 xxu||||| |||| 00| 0 eng d
041 _aENG
100 _abalagurusamy
245 _aprogramming in ansi C
260 _anew delhi
_bTata McGraw Hill Publishing Co.
_c1900
300 _a494
906 _a9762
999 _c300261
_d300261